Il bel mostro /

সংরক্ষণ করুন:
গ্রন্থ-পঞ্জীর বিবরন
প্রধান লেখক: Fabre, Dominique (লেখক)
বিন্যাস: গ্রন্থ
ভাষা:ইতালিয়
প্রকাশিত: Milano : Bompiani, \1971!
মালা:Letteraria Bompiani
ট্যাগগুলো: ট্যাগ যুক্ত করুন
কোনো ট্যাগ নেই, প্রথমজন হিসাবে ট্যাগ করুন!

MARC

LEADER 00000nam a22000007i 4500
001 IT\ICCU\RAV\0048177
003 ItRI
005 20260115232244.0
008 890607s1971 it |||||| ||||| |||||c
040 |b ita  |c importazione bologna sebina 
041 7 |a ita  |2 ISO-639-2 
082 |a 843.91  |9 Narrativa francese. 20. secolo  |2 23 
100 1 |a Fabre, Dominique  |0 IT\ICCU\RAVV\025521  |4 aut 
240 1 3 |a Un beau monstre. -  |3 IT\ICCU\RAV\0048179  |9 Fabre, Dominique 
245 1 3 |a Il bel mostro /  |c Dominique Fabre. 
260 |a Milano :  |b Bompiani,  |c \1971! 
300 |a 236 p. ;  |c 21 cm. 
830 0 |a Letteraria Bompiani  |0 IT\ICCU\RAV\0000352 
942 |2 ddc  |c BK  |n 0 
952 |0 0  |1 0  |4 0  |6 DOC_843_914000000000000_FAB  |7 0  |9 23040  |a BO  |b BO  |d 2026-01-15  |i 99  |l 0  |o DOC 843.914 FAB  |p BO99  |r 2026-01-15 23:22:44  |w 2026-01-15  |x [Sebina 5] [1 v.]  |y BK  |z 1 v. 
999 |c 19652  |d 19652